Modelovanie výšky individuálnych škôd v neživotnom poistení dizertačná práca

Gespeichert in:
Bibliographische Detailangaben
1. Verfasser: Tartaľová, Alena
Körperschaft: Ekonomická univerzita v Bratislave. Fakulta hospodárskej informatiky
Weitere Verfasser: Pacáková, Viera
Format: Buch
Sprache:Slowakisch
Veröffentlicht: Bratislava 2010
Schlagworte:
Tags: Tag hinzufügen
Keine Tags, Fügen Sie das erste Tag hinzu!

MARC

LEADER 00000nam a2200000 4500
001 0124819
005 20240109072434.0
041 0 |a slo 
044 |a SK 
245 1 0 |a Modelovanie výšky individuálnych škôd v neživotnom poistení  |b dizertačná práca  |c Alena Tartaľová ; škol. Viera Pacáková 
264 1 |a Bratislava  |c 2010 
300 |a 133 s. 
610 2 0 |a poistenie neživotné 
610 2 0 |a škody 
610 2 0 |a modelovanie ekonometrické 
610 2 0 |a modely 
100 1 |a Tartaľová, Alena 
700 1 |a Pacáková, Viera 
710 2 |a Ekonomická univerzita v Bratislave. Fakulta hospodárskej informatiky